| 000 | 00366nam a22001457a 4500 | ||
|---|---|---|---|
| 082 | _aP-338 | ||
| 100 |
_aTC Aqib Nawaz _948173 |
||
| 245 |
_aRehabilitation of 144 block _cTC Aqib Nawaz, TC Ahmed Sannaam |
||
| 260 |
_aRisalpur _bMCE _c2007 |
||
| 300 | _a47 p : | ||
| 526 |
_a0 _b0 _c0 _dP_338 |
||
| 650 | _aProject | ||
| 700 |
_aLect Sardar _948174 |
||
| 942 |
_2ddc _cBK |
||
| 999 |
_c551187 _d551187 |
||